000 00423nam a2200169Ia 4500
003 GCL
008 140319s9999 xx 000 0 eng d
040 _aGCL /
_cGCL
082 0 4 _a843
_bL D
100 1 _aLONGUS
245 1 0 _aDAPHNIS ET CHLOE OU LES PASTORALES /
_cLONGUS
260 _a[S.N] :
_bLE LIVRE DE POCHE ،
_c1995
300 _a127 P
650 0 4 _aLITERATURE
650 0 4 _aFRENCH LITERATURE
942 _2ddc
_cBK
999 _c23216
_d23216